Southville International School and Colleges
Your cart is empty.
  • Cart
  • Lists
    Public lists list_1 View all
    Your lists Log in to create your own lists
  • Log in to your account
  • Your cookies
  • Search history
Southville International School and Colleges
  • Advanced search
  • Recent comments
  • Most popular
  • Libraries

Log in to your account

Log in with GOOGLE


If you do not have an external account, but do have a local account, you can still log in:

  1. Home
  2. MARC view: Celebrating poetry and Eric Carle/
Normal view MARC view ISBD view

Celebrating poetry and Eric Carle/ (Record no. 362030)

[ view plain ]
MARC details
000 -LEADER
fixed length control field 00461nam a2200157Ia 4500
008 - FIXED-LENGTH DATA ELEMENTS--GENERAL INFORMATION
fixed length control field 190813s9999 xx 000 0 und d
100 ## - MAIN ENTRY--PERSONAL NAME
Personal name Petka, Kathleen
245 ## - TITLE STATEMENT
Title Celebrating poetry and Eric Carle/
245 ## - TITLE STATEMENT
Statement of responsibility, etc Kathleen Petka
260 ## - PUBLICATION, DISTRIBUTION, ETC. (IMPRINT)
Name of publisher, distributor, etc Publisher's Development Corporation
260 ## - PUBLICATION, DISTRIBUTION, ETC. (IMPRINT)
Date of publication, distribution, etc 2018
300 ## - PHYSICAL DESCRIPTION
Extent Pages 16-18, October 2018
440 ## - SERIES STATEMENT/ADDED ENTRY--TITLE
Title Arts and Activities: Paper, cardboard and collage
Volume number/sequential designation 164: 2
650 ## - SUBJECT ADDED ENTRY--TOPICAL TERM
Topical term or geographic name as entry element Arts
650 ## - SUBJECT ADDED ENTRY--TOPICAL TERM
Topical term or geographic name as entry element Eric Carle
Holdings
Withdrawn status Lost status Damaged status Home library Current library Date acquired Total Checkouts Date last seen Price effective from Koha item type
      Luxembourg Library Luxembourg Library 08/13/2019   08/13/2019 08/13/2019 Periodicals

Celebrating poetry and Eric Carle/

APA

Petka K., .Celebrating poetry and Eric Carle. : Publisher's Development Corporation.

Chicago

Petka Kathleen, .Celebrating poetry and Eric Carle. : Publisher's Development Corporation.

Harvard

Petka K., .Celebrating poetry and Eric Carle. : Publisher's Development Corporation.

MLA

Petka Kathleen, .: Publisher's Development Corporation. .

  • Place hold
  • Print
  • Cite
  • Add to your cart (remove)
  • Save record
    BIBTEX Dublin Core MARCXML MARC (non-Unicode/MARC-8) MARC (Unicode/UTF-8) MARC (Unicode/UTF-8, Standard) MODS (XML) RIS
  • More searches
    Search for this title in:
    Other Libraries (WorldCat) Other Databases (Google Scholar) Online Stores (Bookfinder.com) Open Library (openlibrary.org)

Exporting to Dublin Core...

SOUTHVILLE LIBRARY

Southville International School and Colleges Library

1281 Tropical Ave. Cor. Luxembourg St., BF Homes International, Las Pinas City

Tel. No. 8256374 / 252358 Loc. 117/146

Powered by Koha